| 000 | 03348cam a22012614i 4500 | ||
|---|---|---|---|
| 003 | PE-LiUPU | ||
| 005 | 20250813185337.0 | ||
| 008 | 161003s r 000 0 spa d | ||
| 020 | _a6124146444 | ||
| 020 | _a9786124146442 | ||
| 035 | _a(Sirsi) a163887 | ||
| 040 |
_aPE-LiUPU _bspa _cPE-LiUPU _erda |
||
| 049 | _aPRUA | ||
| 082 | 0 | 4 |
_a338.9 _bD23 _223 |
| 100 | 1 |
_aDammert, Alfredo, _eautor. |
|
| 245 | 1 | 3 |
_aLa economía mundial : _b¿Hacia dónde vamos? / _cAlfredo Dammert, Raúl García Carpio. |
| 250 | _aPrimera edición. | ||
| 264 |
_aLima : _bFondo Editorial de la Pontificia Universidad Católica del Perú, _c2013. |
||
| 300 |
_a138 páginas : _bilustraciones _c21centimetros |
||
| 336 |
_atext _2rdacontent |
||
| 337 |
_aunmediated _2rdamedia |
||
| 338 |
_avolume _2rdacarrier |
||
| 504 | _aBibliografía : página 133-138. | ||
| 505 | 0 | _aEl futuro que nos espera -- La insertidumbre de la economía de los Estados Unidos -- El fin de la disneylandia de la Unión Europea -- Los BRIC o países que podrian construir la locomotora del crecimiento economíco -- El futuro de América Latina -- ¿Adónde vamos?. | |
| 526 | _aP202 | ||
| 526 | _aP201 | ||
| 526 | _aP163 | ||
| 526 | _aP162 | ||
| 526 | _aP161 | ||
| 526 | _aP160 | ||
| 526 | _aP148 | ||
| 526 | _aP147 | ||
| 526 | _aP146 | ||
| 526 | _aP145 | ||
| 526 | _aP144 | ||
| 526 | _aP143 | ||
| 526 | _aP142 | ||
| 526 | _aP141 | ||
| 526 | _aP140 | ||
| 526 | _aP139 | ||
| 526 | _aP138 | ||
| 526 | _aP137 | ||
| 526 | _aP136 | ||
| 526 | _aP135 | ||
| 526 | _aP134 | ||
| 526 | _aP133 | ||
| 526 | _aP129 | ||
| 526 | _aP128 | ||
| 526 | _aP127 | ||
| 526 | _aP120 | ||
| 526 | _aP119 | ||
| 526 | _aP118 | ||
| 526 | _aP116 | ||
| 526 | _aP115 | ||
| 526 | _aP114 | ||
| 526 | _aP110 | ||
| 526 | _aP109 | ||
| 526 | _aP108 | ||
| 526 | _aP104 | ||
| 526 | _aP103 | ||
| 526 | _aP102 | ||
| 526 | _aP99 | ||
| 526 | _aP98 | ||
| 526 | _aP97 | ||
| 526 | _aP96 | ||
| 526 | _aP95 | ||
| 526 | _aP93 | ||
| 526 | _aP90 | ||
| 526 | _aP89 | ||
| 526 | _aP88 | ||
| 526 | _aP83 | ||
| 526 | _aP82 | ||
| 526 | _aP62 | ||
| 526 | _aP59 | ||
| 526 | _aP58 | ||
| 526 | _aP57 | ||
| 526 | _aP51 | ||
| 526 | _aP49 | ||
| 526 | _aP48 | ||
| 526 | _aP47 | ||
| 526 | _aP29 | ||
| 526 | _aP24 | ||
| 526 | _aP20 | ||
| 526 | _aP19 | ||
| 526 | _aP17 | ||
| 526 | _aP15 | ||
| 526 | _aP14 | ||
| 526 | _aP12 | ||
| 526 | _aP10 | ||
| 526 | _aP09 | ||
| 526 | _aP08 | ||
| 526 | _aP07 | ||
| 526 | _aP06 | ||
| 526 | _aP05 | ||
| 526 | _aP04 | ||
| 526 | _aP01 | ||
| 650 | 1 | 4 |
_aEconomía mundial. _95327 |
| 650 | 1 | 4 |
_aEconomía _zAmérica Latina. |
| 650 | 2 | 4 |
_aEconomía _zJapón. |
| 700 | 1 | _aGarcía Carpio, Raúl | |
| 910 |
_ajck _bjos _cjck _d20161003 |
||
| 942 |
_2ddc _cBOOK |
||
| 949 |
_a338.9 D23 _wDEWEY _c1 _i74728 _lCATALOGING _mBUL _p20.00 _r0 _sY _tBOOK _u2016-10-03 _xFCE _PP04 _0COMPRA _o.CIRCNOTE. El documento es de alto precio. _o.STAFF. Colección Ciencias Empresariales |
||
| 264 | 1 | _a**REQUIRED FIELD** | |
| 596 | _a1 | ||
| 999 |
_a338.9 D23 _wDEWEY _c12744 _i74728 _d12744 _e2017-3-21 _f2021-11-5 _g6 _lCCODEBUL1 _mBUL _n1 _p20.00 _r0 _sY _tBOOK _u2016-10-3 _xFCE _PP04 _0COMPRA _o.STAFF. Colección Ciencias Empresariales |
||
| 980 |
_81 _gALBERTO SANCHEZ Responsable de Automatización |
||